000 00999cam a2200169 4500500
005 20260329000042.0
041 _afre
042 _adc
100 1 0 _aDesse, Michel
_eauthor
700 1 0 _aChadenas, Céline
_eauthor
700 1 0 _aHerbert, Vincent
_eauthor
700 1 0 _aRobert, Samuel
_eauthor
245 0 0 _aLes littoraux français : Permanences, changements, enjeux
260 _bArmand Colin,
_c2024.
520 _aRédigé par un collectif d’une vingtaine d’enseignants, cet ouvrage, conforme au programme de la question, permettra aux candidats d’avoir une vision globale de la question à travers ces cinq axes:Définir les littoraux avec une échelle régionale La littoralisation progressive des politiques publiques d’un État terrien Le littoral, un espace habitéDes territoires littoraux historiquement diversifiésQuels littoraux pour demain ?
856 4 1 _uhttps://shs.cairn.info/les-littoraux-francais--9782200638160?lang=fr&redirect-ssocas=7080
999 _c1792295
_d1792295